000 00810nam a22002057a 4500
999 _c5496
_d5496
003 AR-CdUCM
008 190312b ||||| |||| 00| 0 spa d
040 _aMUNICIPALIDAD PROVINCIAL DEL CUSCO
_cBIBLIOTECA MUNICIPAL DEL CUSCO
082 _a985.542 /
_bM53
100 _aMendívil, Carlos.
_916488
245 _aLos morochucos y Ayacucho tradicional /
260 _aLima :
_b La Confianza,
_c1968.
300 _a188 paginas ;
_c22 cm.
505 _aAspecto físico de la pampa de cangallo -- Los Morochucos en la historia -- Los morochucos y sus costumbres tipicas -- Literatura popular y el romanticismo morochuco -- Ayacucho turístico y tradicional.
650 _aAyacucho
_93896
650 _aLiteratura popular
_9442
650 _aTradición y cultura
_916489
942 _2ddc
_cLIBROS
945 _awnts